Normal view MARC view
  • Helmont, Jean Baptiste van,

Entry Personal Name

Number of records used in: 0

001 - CONTROL NUMBER

  • control field: 136118

003 - CONTROL NUMBER IDENTIFIER

  • control field: KE-NaSUL

005 - DATE AND TIME OF LATEST TRANSACTION

  • control field: 20250825192802.0

008 - FIXED-LENGTH DATA ELEMENTS

  • fixed length control field: 250825|| aca||aabn | a|a d

040 ## - CATALOGING SOURCE

  • Original cataloging agency: KE-NaSUL
  • Transcribing agency: KE-NaSUL

100 ## - HEADING--PERSONAL NAME

  • Personal name: Helmont, Jean Baptiste van,
  • Dates associated with a name: 1577-1644
  • General subdivision: Influence

670 ## - SOURCE DATA FOUND

  • Source citation: Work cat.: (KE-NaSUL)99038: Roos, Anna Marie Eleanor. 136116, The salt of the earth, 2007.

© Strathmore University Library
Madaraka Estate, Ole Sangale Road | P. O. Box 59857 - 00200 City Square, Nairobi, Kenya
(+254) (0)703 034 000/200/300 | (+254) (0)20-607498